000 00906nam a2200265Ia 4500
003 OSt
005 20220930092011.0
006 a|||||r|||| 00| 0
007 ta
008 220926b |||||||| |||| 00| 0 eng d
024 _a11489
037 _cTheses
040 _aCRL
_cCRL
_beng
041 _2eng
_aeng
100 _aMittal Richa Au.
_9547419
110 _aUniversity of Delhi. Faculty of Medical Sciences. Department of Paediatrics
245 0 _aStudy of resistant strains among gut commensals in children treated with oral broad spectrum antibiotics for common childhood infections
260 _c2013
300 _a100p.
_ap.
_ccm.
650 _aCHILDREN - DISEASES
700 _a Varinder Singh Gu.
_9547420
700 _aUniversity of Delhi. Faculty of Medical Sciences. Department of Paediatrics
942 _cDIS
_2CC
999 _c883026
_d883026